[Event "DVM U12 2024"]
[Site "Heidelberg GER"]
[Date "2024.12.27"]
[Round "2"]
[White "Tu, Audrey"]
[Black "Beier, Martin"]
[Result "1/2-1/2"]
[Termination "normal"]
[Board "7.1"]
[WhiteElo "1734"]
[BlackElo "1705"]
[WhiteClock "00:21:59"]
[BlackClock "00:33:22"]
[WhiteTeam "SF 59 Kornwestheim"]
[BlackTeam "SK Bad Homburg 1927"]
[PlyCount "102"]
[WhiteFideId "34628568"]
[BlackFideId "34631879"]
[EventCountry "GER"]
[EventRounds "7"]
[EventType "team-swiss"]
[EventDate "2024.12.26"]

1. e4 {[%clk 01:30:59]} e6 {[%clk 01:30:54]} {[%emt 00:00:07]} 2. d4 {[%clk
01:31:25]} {[%emt 00:00:03]} d5 {[%clk 01:31:18]} {[%emt 00:00:06]} 3. Nc3
{[%clk 01:31:48]} {[%emt 00:00:08]} Nf6 {[%clk 01:31:37]} {[%emt 00:00:10]} 4.
e5 {[%clk 01:32:15]} {[%emt 00:00:03]} Nfd7 {[%clk 01:31:57]} {[%emt 00:00:10]}
5. Nce2 {[%clk 01:32:38]} {[%emt 00:00:07]} c5 {[%clk 01:32:15]} {[%emt
00:00:13]} 6. c3 {[%clk 01:32:16]} {[%emt 00:00:51]} Nc6 {[%clk 01:32:24]}
{[%emt 00:00:21]} 7. f4 {[%clk 01:31:36]} {[%emt 00:01:10]} Qb6 {[%clk
01:32:20]} {[%emt 00:00:34]} 8. Nf3 {[%clk 01:30:47]} {[%emt 00:01:19]} Be7
{[%clk 01:30:50]} {[%emt 00:02:00]} 9. g3 {[%clk 01:24:50]} {[%emt 00:06:28]}
f6 {[%clk 01:28:32]} {[%emt 00:02:47]} 10. Bh3 {[%clk 01:22:35]} {[%emt
00:02:45]} Kf7 {[%clk 01:24:07]} {[%emt 00:04:55]} 11. O-O {[%clk 01:18:06]}
{[%emt 00:05:00]} h6 {[%clk 01:13:47]} {[%emt 00:10:49]} 12. f5 {[%clk
01:11:45]} {[%emt 00:06:52]} Nf8 {[%clk 01:06:38]} {[%emt 00:07:36]} 13. Nf4
{[%clk 00:58:43]} {[%emt 00:13:33]} Qd8 {[%clk 00:55:09]} {[%emt 00:11:59]} 14.
Nh4 {[%clk 00:54:40]} {[%emt 00:04:33]} exf5 {[%clk 00:50:02]} {[%emt
00:05:36]} 15. Qh5+ {[%clk 00:52:39]} {[%emt 00:02:31]} Kg8 {[%clk 00:45:14]}
{[%emt 00:05:18]} 16. Nfg6 {[%clk 00:28:43]} {[%emt 00:24:28]} Nxg6 {[%clk
00:42:25]} {[%emt 00:03:18]} 17. Qxg6 {[%clk 00:26:48]} {[%emt 00:02:25]} cxd4
{[%clk 00:37:28]} {[%emt 00:05:27]} 18. Nxf5 {[%clk 00:23:32]} {[%emt
00:03:46]} Bxf5 {[%clk 00:35:26]} {[%emt 00:02:32]} 19. Bxf5 {[%clk 00:22:32]}
{[%emt 00:01:29]} Kf8 {[%clk 00:35:18]} {[%emt 00:00:38]} 20. exf6 {[%clk
00:20:15]} {[%emt 00:02:47]} Bxf6 {[%clk 00:35:27]} {[%emt 00:00:21]} 21. Be6
{[%clk 00:19:42]} {[%emt 00:01:03]} Ne5 {[%clk 00:27:57]} {[%emt 00:08:00]} 22.
Qh5 {[%clk 00:18:56]} {[%emt 00:01:14]} Ke7 {[%clk 00:25:35]} {[%emt 00:02:54]}
23. cxd4 {[%clk 00:10:14]} {[%emt 00:09:13]} Qb6 {[%clk 00:23:46]} {[%emt
00:02:19]} 24. Be3 {[%clk 00:09:33]} {[%emt 00:01:10]} Kxe6 {[%clk 00:21:44]}
{[%emt 00:02:31]} 25. Qf5+ {[%clk 00:09:13]} {[%emt 00:00:49]} Ke7 {[%clk
00:18:34]} {[%emt 00:03:42]} 26. dxe5 {[%clk 00:06:06]} {[%emt 00:03:37]} Qxe3+
{[%clk 00:18:42]} {[%emt 00:00:21]} 27. Kh1 {[%clk 00:06:01]} {[%emt 00:00:35]}
Qe4+ {[%clk 00:16:58]} {[%emt 00:02:15]} 28. Qxe4 {[%clk 00:06:20]} {[%emt
00:00:11]} dxe4 {[%clk 00:17:00]} {[%emt 00:00:28]} 29. exf6+ {[%clk 00:06:47]}
{[%emt 00:00:03]} gxf6 {[%clk 00:17:20]} {[%emt 00:00:10]} 30. Rae1 {[%clk
00:06:51]} {[%emt 00:00:26]} Rac8 {[%clk 00:16:29]} {[%emt 00:01:21]} 31. Rxe4+
{[%clk 00:07:16]} {[%emt 00:00:06]} Kf7 {[%clk 00:16:31]} {[%emt 00:00:27]} 32.
Rfe1 {[%clk 00:05:16]} {[%emt 00:02:30]} Rhe8 {[%clk 00:16:27]} {[%emt
00:00:34]} 33. Rxe8 {[%clk 00:05:13]} {[%emt 00:00:33]} Rxe8 {[%clk 00:16:51]}
{[%emt 00:00:06]} 34. Rxe8 {[%emt 00:00:04]} Kxe8 {[%clk 00:17:13]} {[%emt
00:00:06]} 35. Kg2 {[%clk 00:06:01]} {[%emt 00:00:10]} Ke7 {[%clk 00:15:13]}
{[%emt 00:02:30]} 36. Kf3 {[%clk 00:06:27]} {[%emt 00:00:04]} f5 {[%clk
00:15:29]} {[%emt 00:00:14]} 37. Ke3 {[%clk 00:03:18]} {[%emt 00:03:39]} Ke6
{[%clk 00:15:33]} {[%emt 00:00:25]} 38. Kd4 {[%clk 00:03:01]} {[%emt 00:00:47]}
Kd6 {[%clk 00:15:53]} {[%emt 00:00:10]} 39. h3 {[%clk 00:02:40]} {[%emt
00:00:51]} h5 {[%clk 00:14:39]} {[%emt 00:01:42]} 40. h4 {[%clk 00:02:54]}
{[%emt 00:00:18]} a6 {[%clk 00:13:31]} {[%emt 00:01:38]} 41. a3 {[%clk
00:25:37]} {[%emt 00:07:48]} b6 {[%clk 00:42:03]} {[%emt 00:01:57]} 42. b3
{[%clk 00:25:27]} {[%emt 00:00:40]} a5 {[%clk 00:39:25]} {[%emt 00:03:08]} 43.
a4 {[%clk 00:25:42]} {[%emt 00:00:15]} Ke6 {[%clk 00:37:01]} {[%emt 00:02:53]}
44. Kc4 {[%clk 00:25:39]} {[%emt 00:00:34]} Kd6 {[%clk 00:32:46]} {[%emt
00:04:45]} 45. Kb5 {[%clk 00:22:17]} {[%emt 00:03:52]} Kc7 {[%clk 00:33:02]}
{[%emt 00:00:14]} 46. Ka6 {[%clk 00:21:37]} {[%emt 00:01:10]} Kc6 {[%clk
00:33:25]} {[%emt 00:00:07]} 47. Ka7 {[%clk 00:21:34]} {[%emt 00:00:32]} Kc7
{[%clk 00:33:01]} {[%emt 00:00:54]} 48. Ka8 {[%clk 00:21:44]} {[%emt 00:00:20]}
Kc8 {[%clk 00:32:58]} {[%emt 00:00:32]} 49. Ka7 {[%clk 00:21:41]} {[%emt
00:00:35]} Kc7 {[%clk 00:33:06]} {[%emt 00:00:21]} 50. Ka6 {[%clk 00:21:47]}
{[%emt 00:00:24]} Kc6 {[%clk 00:33:00]} {[%emt 00:00:36]} 51. Ka7 {[%clk
00:21:59]} {[%emt 00:00:18]} Kc7 {[%clk 00:33:22]} {[%emt 00:00:08]} 1/2-1/2

[Event "DVM U12 2024"]
[Site "Heidelberg GER"]
[Date "2024.12.27"]
[Round "2"]
[White "Zhao, Yunsheng"]
[Black "Tu, Tiffany"]
[Result "0-1"]
[Termination "normal"]
[Board "7.2"]
[WhiteElo "1630"]
[BlackElo "1667"]
[WhiteClock "00:20:48"]
[BlackClock "00:18:57"]
[WhiteTeam "SK Bad Homburg 1927"]
[BlackTeam "SF 59 Kornwestheim"]
[PlyCount "64"]
[WhiteFideId "16299280"]
[BlackFideId "34628576"]
[EventCountry "GER"]
[EventRounds "7"]
[EventType "team-swiss"]
[EventDate "2024.12.26"]

1. e4 {[%clk 01:30:56]} {[%emt 00:00:04]} e5 {[%clk 01:30:49]} {[%emt
00:00:11]} 2. Nf3 {[%clk 01:31:18]} {[%emt 00:00:08]} Nc6 {[%clk 01:31:10]}
{[%emt 00:00:09]} 3. Bc4 {[%clk 01:31:41]} {[%emt 00:00:06]} Nf6 {[%clk
01:31:33]} {[%emt 00:00:08]} 4. d3 {[%clk 01:32:03]} {[%emt 00:00:08]} Bc5
{[%clk 01:31:43]} {[%emt 00:00:20]} 5. c3 {[%clk 01:32:26]} {[%emt 00:00:08]}
d6 {[%clk 01:32:05]} {[%emt 00:00:07]} 6. O-O {[%clk 01:32:18]} {[%emt
00:00:38]} O-O {[%clk 01:32:18]} {[%emt 00:00:17]} 7. b4 {[%clk 01:31:53]}
{[%emt 00:00:56]} Bb6 {[%clk 01:32:37]} {[%emt 00:00:11]} 8. Bg5 {[%clk
01:31:44]} {[%emt 00:00:38]} h6 {[%clk 01:32:32]} {[%emt 00:00:36]} 9. Bh4
{[%clk 01:30:47]} {[%emt 00:01:26]} Be6 {[%clk 01:31:43]} {[%emt 00:01:18]} 10.
Nbd2 {[%clk 01:27:53]} {[%emt 00:03:24]} a6 {[%clk 01:28:17]} {[%emt 00:03:56]}
11. Re1 {[%clk 01:24:07]} {[%emt 00:04:16]} Ba7 {[%clk 01:26:52]} {[%emt
00:01:55]} 12. Bb3 {[%clk 01:22:01]} {[%emt 00:02:36]} Re8 {[%clk 01:18:34]}
{[%emt 00:08:48]} 13. Nc4 {[%clk 01:18:46]} {[%emt 00:03:46]} b5 {[%clk
01:16:53]} {[%emt 00:02:11]} 14. Ne3 {[%clk 01:17:16]} {[%emt 00:01:59]} g5
{[%clk 01:13:06]} {[%emt 00:04:17]} 15. Bg3 {[%clk 01:16:44]} {[%emt 00:01:02]}
Qd7 {[%clk 01:08:09]} {[%emt 00:05:25]} 16. Nd5 {[%clk 01:07:47]} {[%emt
00:09:28]} Bxd5 {[%clk 01:04:07]} {[%emt 00:04:32]} 17. exd5 {[%clk 00:57:27]}
{[%emt 00:10:51]} Ne7 {[%clk 01:01:56]} {[%emt 00:02:39]} 18. c4 {[%clk
00:57:11]} {[%emt 00:00:47]} Nf5 {[%clk 00:59:36]} {[%emt 00:02:48]} 19. a4
{[%clk 00:52:13]} {[%emt 00:05:31]} Nxg3 {[%clk 00:56:26]} {[%emt 00:03:40]}
20. hxg3 {[%clk 00:51:57]} {[%emt 00:00:45]} Qg4 {[%clk 00:54:58]} {[%emt
00:01:58]} 21. axb5 {[%clk 00:44:11]} {[%emt 00:08:16]} axb5 {[%clk 00:52:40]}
{[%emt 00:02:48]} 22. Nd2 {[%clk 00:34:41]} {[%emt 00:10:02]} Qd4 {[%clk
00:48:26]} {[%emt 00:04:42]} 23. Qf3 {[%clk 00:30:39]} {[%emt 00:04:33]} Kg7
{[%clk 00:32:14]} {[%emt 00:16:42]} 24. Rab1 {[%clk 00:25:35]} {[%emt
00:05:35]} bxc4 {[%clk 00:31:07]} {[%emt 00:01:36]} 25. Bxc4 {[%clk 00:25:32]}
{[%emt 00:00:32]} e4 {[%clk 00:27:03]} {[%emt 00:04:34]} 26. Nxe4 {[%clk
00:20:16]} {[%emt 00:05:46]} Nxe4 {[%clk 00:23:12]} {[%emt 00:04:22]} 27. Rxe4
{[%clk 00:20:26]} {[%emt 00:00:20]} Rxe4 {[%clk 00:23:14]} {[%emt 00:00:28]}
28. Qxe4 {[%clk 00:20:39]} {[%emt 00:00:16]} Qxf2+ {[%clk 00:23:36]} {[%emt
00:00:08]} 29. Kh1 {[%clk 00:21:05]} {[%emt 00:00:05]} Qxg3 {[%clk 00:22:24]}
{[%emt 00:01:42]} 30. Rf1 {[%clk 00:20:42]} {[%emt 00:00:53]} Re8 {[%clk
00:20:23]} {[%emt 00:02:28]} 31. Qf3 {[%clk 00:20:21]} {[%emt 00:00:54]} Qh4+
{[%clk 00:19:02]} {[%emt 00:01:51]} 32. Qh3 {[%clk 00:20:48]} {[%emt 00:00:03]}
Re1 {[%clk 00:18:57]} 0-1

[Event "DVM U12 2024"]
[Site "Heidelberg GER"]
[Date "2024.12.27"]
[Round "2"]
[White "Lu, Alexander"]
[Black "Kesavan, Sarvesh"]
[Result "1-0"]
[Termination "normal"]
[Board "7.3"]
[WhiteElo "1572"]
[BlackElo "1721"]
[WhiteClock "01:04:57"]
[BlackClock "00:46:34"]
[WhiteTeam "SF 59 Kornwestheim"]
[BlackTeam "SK Bad Homburg 1927"]
[PlyCount "71"]
[WhiteFideId "34612629"]
[BlackFideId "34648160"]
[EventCountry "GER"]
[EventRounds "7"]
[EventType "team-swiss"]
[EventDate "2024.12.26"]

1. d4 {[%clk 01:30:57]} {[%emt 00:00:03]} Nf6 {[%emt 00:00:08]} 2. c4 {[%emt
00:00:08]} e6 {[%clk 01:30:30]} {[%emt 00:00:14]} 3. Nc3 {[%clk 01:31:16]}
{[%emt 00:00:12]} Bb4 {[%clk 01:30:53]} {[%emt 00:00:06]} 4. Qc2 {[%clk
01:31:07]} {[%emt 00:00:40]} c5 {[%clk 01:29:19]} {[%emt 00:02:03]} 5. e3
{[%clk 01:30:25]} {[%emt 00:01:12]} Nc6 {[%clk 01:28:54]} {[%emt 00:00:54]} 6.
Nf3 {[%clk 01:29:41]} {[%emt 00:01:14]} O-O {[%clk 01:28:32]} {[%emt 00:00:52]}
7. Bd3 {[%clk 01:29:11]} {[%emt 00:00:59]} cxd4 {[%clk 01:27:12]} {[%emt
00:01:51]} 8. exd4 {[%clk 01:29:15]} {[%emt 00:00:26]} b6 {[%clk 01:25:03]}
{[%emt 00:02:39]} 9. a3 {[%clk 01:28:40]} {[%emt 00:01:05]} Be7 {[%clk
01:24:11]} {[%emt 00:01:22]} 10. O-O {[%clk 01:27:23]} {[%emt 00:01:47]} Bb7
{[%clk 01:24:24]} {[%emt 00:00:17]} 11. Re1 {[%clk 01:26:27]} {[%emt 00:01:26]}
Rc8 {[%clk 01:23:07]} {[%emt 00:01:47]} 12. Bf4 {[%clk 01:25:44]} {[%emt
00:01:13]} a6 {[%clk 01:12:45]} {[%emt 00:10:52]} 13. d5 {[%clk 01:24:58]}
{[%emt 00:01:16]} exd5 {[%clk 01:06:25]} {[%emt 00:06:50]} 14. cxd5 {[%clk
01:25:03]} {[%emt 00:00:25]} Nxd5 {[%clk 01:03:06]} {[%emt 00:03:49]} 15. Nxd5
{[%clk 01:24:58]} {[%emt 00:00:34]} Bf6 {[%clk 01:02:42]} {[%emt 00:00:52]} 16.
Qd2 {[%clk 01:20:46]} {[%emt 00:04:41]} Na5 {[%clk 00:59:56]} {[%emt 00:03:20]}
17. Nxf6+ {[%clk 01:19:56]} {[%emt 00:01:20]} Qxf6 {[%clk 00:58:58]} {[%emt
00:01:26]} 18. Bg5 {[%clk 01:19:52]} {[%emt 00:00:36]} Qc6 {[%clk 00:57:45]}
{[%emt 00:01:42]} 19. Rac1 {[%clk 01:19:37]} {[%emt 00:00:44]} Qa4 {[%clk
00:57:38]} {[%emt 00:00:39]} 20. Rxc8 {[%clk 01:11:43]} {[%emt 00:08:24]} Rxc8
{[%clk 00:50:18]} {[%emt 00:07:49]} 21. Qe3 {[%clk 01:11:14]} {[%emt 00:00:56]}
d6 {[%clk 00:49:50]} {[%emt 00:01:02]} 22. Qxb6 {[%clk 01:11:08]} {[%emt
00:00:35]} Ra8 {[%clk 00:49:00]} {[%emt 00:01:20]} 23. Qxd6 {[%clk 01:10:09]}
{[%emt 00:01:27]} Bxf3 {[%clk 00:48:34]} {[%emt 00:00:57]} 24. gxf3 {[%clk
01:09:34]} {[%emt 00:01:05]} Nc4 {[%clk 00:47:46]} {[%emt 00:01:19]} 25. Qd4
{[%clk 01:07:13]} {[%emt 00:02:49]} Nxb2 {[%clk 00:47:08]} {[%emt 00:01:09]}
26. Qxb2 {[%clk 01:07:06]} {[%emt 00:00:34]} Qa5 {[%clk 00:47:28]} {[%emt
00:00:14]} 27. Bd2 {[%clk 01:06:52]} {[%emt 00:00:44]} Qh5 {[%clk 00:47:26]}
{[%emt 00:00:32]} 28. Qb7 {[%clk 01:05:45]} {[%emt 00:01:31]} Rf8 {[%clk
00:47:08]} {[%emt 00:00:54]} 29. Be4 {[%clk 01:05:05]} {[%emt 00:01:06]} f5
{[%clk 00:46:52]} {[%emt 00:00:49]} 30. Bd5+ {[%clk 01:04:47]} {[%emt
00:00:47]} Kh8 {[%clk 00:47:15]} {[%emt 00:00:08]} 31. Kh1 {[%clk 01:04:09]}
{[%emt 00:01:03]} h6 {[%clk 00:47:24]} {[%emt 00:00:25]} 32. Rg1 {[%clk
01:04:22]} {[%emt 00:00:11]} Qxf3+ {[%clk 00:47:07]} {[%emt 00:00:54]} 33. Bxf3
{[%clk 01:04:34]} {[%emt 00:00:18]} Rg8 {[%clk 00:47:29]} {[%emt 00:00:08]} 34.
Rxg7 {[%clk 01:04:36]} {[%emt 00:00:28]} Rxg7 {[%clk 00:47:47]} {[%emt
00:00:12]} 35. Bc3 {[%clk 01:05:01]} {[%emt 00:00:04]} f4 {[%clk 00:46:34]}
{[%emt 00:01:43]} 36. Qxg7# {[%clk 01:04:57]} {[%emt 00:00:05]} 1-0

[Event "DVM U12 2024"]
[Site "Heidelberg GER"]
[Date "2024.12.27"]
[Round "2"]
[White "Dilger, Ludwig"]
[Black "Tomovski, Leon"]
[Result "1/2-1/2"]
[Termination "normal"]
[Board "8.1"]
[WhiteElo "1615"]
[BlackElo "1569"]
[WhiteClock "00:48:09"]
[BlackClock "01:20:09"]
[WhiteTeam "SK Bebenhausen 1992"]
[BlackTeam "Karlsruher SF 1853"]
[PlyCount "122"]
[WhiteFideId "34647805"]
[BlackFideId "34691790"]
[EventCountry "GER"]
[EventRounds "7"]
[EventType "team-swiss"]
[EventDate "2024.12.26"]

1. e4 {[%clk 01:30:57]} {[%emt 00:00:02]} c5 {[%clk 01:30:53]} {[%emt
00:00:08]} 2. Nf3 {[%clk 01:31:16]} {[%emt 00:00:11]} d6 {[%clk 01:31:14]}
{[%emt 00:00:10]} 3. d4 {[%clk 01:31:16]} {[%emt 00:00:29]} cxd4 {[%clk
01:31:36]} {[%emt 00:00:08]} 4. Nxd4 {[%clk 01:31:35]} {[%emt 00:00:10]} Nf6
{[%clk 01:32:02]} {[%emt 00:00:05]} 5. Nc3 {[%clk 01:31:50]} {[%emt 00:00:15]}
g6 {[%clk 01:32:22]} {[%emt 00:00:10]} 6. Bc4 {[%clk 01:30:24]} {[%emt
00:01:56]} Bg7 {[%clk 01:32:39]} {[%emt 00:00:13]} 7. O-O {[%clk 01:29:03]}
{[%emt 00:01:51]} O-O {[%clk 01:33:00]} {[%emt 00:00:09]} 8. Be3 {[%clk
01:28:05]} {[%emt 00:01:27]} e5 {[%clk 01:32:40]} {[%emt 00:00:50]} 9. Nf3
{[%clk 01:28:02]} {[%emt 00:00:34]} Be6 {[%clk 01:32:52]} {[%emt 00:00:17]} 10.
Bd5 {[%clk 01:20:59]} {[%emt 00:07:33]} Nc6 {[%clk 01:32:52]} {[%emt 00:00:30]}
11. Qd2 {[%clk 01:19:25]} {[%emt 00:02:04]} Bxd5 {[%clk 01:32:27]} {[%emt
00:00:56]} 12. exd5 {[%clk 01:19:30]} {[%emt 00:00:25]} Ne7 {[%clk 01:32:32]}
{[%emt 00:00:24]} 13. h3 {[%clk 01:19:10]} {[%emt 00:00:50]} Nf5 {[%clk
01:32:23]} {[%emt 00:00:39]} 14. Bg5 {[%clk 01:18:17]} {[%emt 00:01:23]} Qb6
{[%clk 01:30:54]} {[%emt 00:01:59]} 15. Rab1 {[%clk 01:17:35]} {[%emt
00:01:13]} Rac8 {[%clk 01:29:09]} {[%emt 00:02:15]} 16. Nh4 {[%clk 01:14:11]}
{[%emt 00:03:50]} Nd4 {[%clk 01:28:52]} {[%emt 00:00:50]} 17. Be3 {[%clk
01:13:32]} {[%emt 00:01:08]} Qc5 {[%clk 01:28:56]} {[%emt 00:00:26]} 18. Rbc1
{[%clk 01:03:42]} {[%emt 00:10:22]} Nxd5 {[%clk 01:28:46]} {[%emt 00:00:40]}
19. Nxd5 {[%clk 01:03:51]} {[%emt 00:00:21]} Qxd5 {[%clk 01:29:05]} {[%emt
00:00:11]} 20. c3 {[%clk 01:04:01]} {[%emt 00:00:21]} Qe4 {[%clk 01:29:08]}
{[%emt 00:00:26]} 21. cxd4 {[%clk 00:59:32]} {[%emt 00:05:00]} Qxh4 {[%clk
01:29:09]} {[%emt 00:00:29]} 22. dxe5 {[%clk 00:59:35]} {[%emt 00:00:27]} dxe5
{[%emt 00:00:17]} 23. Bxa7 {[%clk 00:58:42]} {[%emt 00:01:21]} Rfd8 {[%clk
01:26:31]} {[%emt 00:03:22]} 24. Rxc8 {[%clk 00:58:33]} {[%emt 00:00:40]} Rxc8
{[%clk 01:26:42]} {[%emt 00:00:18]} 25. Be3 {[%clk 00:58:36]} {[%emt 00:00:26]}
Qc4 {[%clk 01:25:58]} {[%emt 00:01:15]} 26. b3 {[%clk 00:58:34]} {[%emt
00:00:32]} Qc2 {[%clk 01:26:16]} {[%emt 00:00:12]} 27. Rd1 {[%clk 00:58:49]}
{[%emt 00:00:15]} Qxd2 {[%clk 01:26:23]} {[%emt 00:00:23]} 28. Rxd2 {[%clk
00:59:05]} {[%emt 00:00:14]} h5 {[%clk 01:22:34]} {[%emt 00:04:18]} 29. g3
{[%clk 00:57:34]} {[%emt 00:02:01]} e4 {[%clk 01:21:37]} {[%emt 00:01:27]} 30.
Kg2 {[%clk 00:56:15]} {[%emt 00:01:48]} b5 {[%clk 01:20:24]} {[%emt 00:01:43]}
31. a4 {[%clk 00:56:03]} {[%emt 00:00:42]} bxa4 {[%clk 01:20:37]} {[%emt
00:00:16]} 32. bxa4 {[%clk 00:56:25]} {[%emt 00:00:08]} Ra8 {[%clk 01:20:52]}
{[%emt 00:00:15]} 33. Ra2 {[%clk 00:56:28]} {[%emt 00:00:27]} f5 {[%clk
01:20:55]} {[%emt 00:00:27]} 34. a5 {[%clk 00:56:26]} {[%emt 00:00:33]} Kh7
{[%clk 01:21:04]} {[%emt 00:00:21]} 35. a6 {[%clk 00:56:45]} {[%emt 00:00:11]}
Be5 {[%clk 01:20:46]} {[%emt 00:00:47]} 36. a7 {[%clk 00:56:28]} {[%emt
00:00:47]} Kg7 {[%clk 01:20:25]} {[%emt 00:00:51]} 37. Ra5 {[%clk 00:55:24]}
{[%emt 00:01:35]} Bc7 {[%clk 01:20:39]} {[%emt 00:00:16]} 38. Rb5 {[%clk
00:55:31]} {[%emt 00:00:23]} Kf6 {[%clk 01:20:16]} {[%emt 00:00:52]} 39. Rb7
{[%clk 00:55:11]} {[%emt 00:00:50]} Be5 {[%clk 01:20:12]} {[%emt 00:00:35]} 40.
f4 {[%clk 00:55:16]} {[%emt 00:00:25]} exf3+ {[%clk 01:20:21]} {[%emt
00:00:21]} 41. Kxf3 {[%clk 00:55:13]} {[%emt 00:00:34]} g5 {[%clk 01:20:36]}
{[%emt 00:00:15]} 42. Rb6+ {[%clk 00:54:25]} {[%emt 00:01:18]} Kf7 {[%clk
01:20:42]} {[%emt 00:00:18]} 43. Rb5 {[%clk 00:54:10]} {[%emt 00:00:51]} Kf6
{[%clk 01:20:53]} {[%emt 00:00:13]} 44. Rb6+ {[%clk 00:53:42]} {[%emt
00:01:03]} Kf7 {[%clk 01:20:54]} {[%emt 00:00:27]} 45. Rh6 {[%clk 00:53:59]}
{[%emt 00:00:13]} g4+ {[%clk 01:20:47]} {[%emt 00:00:38]} 46. Kg2 {[%clk
00:54:08]} {[%emt 00:00:20]} gxh3+ {[%clk 01:20:05]} {[%emt 00:01:13]} 47. Kxh3
{[%clk 00:54:27]} {[%emt 00:00:11]} Kg7 {[%clk 01:19:57]} {[%emt 00:00:39]} 48.
Rxh5 {[%clk 00:54:32]} {[%emt 00:00:24]} Kg6 {[%emt 00:00:05]} 49. Rg5+ {[%emt
00:01:17]} Kf6 {[%clk 01:18:54]} {[%emt 00:00:09]} 50. Kg2 {[%clk 00:54:26]}
{[%emt 00:00:30]} Re8 {[%clk 01:18:18]} {[%emt 00:01:14]} 51. Rh5 {[%clk
00:53:02]} {[%emt 00:01:54]} Kg6 {[%clk 01:18:37]} {[%emt 00:00:11]} 52. Rh6+
{[%clk 00:53:13]} {[%emt 00:00:20]} Kg7 {[%clk 01:18:47]} {[%emt 00:00:19]} 53.
Ra6 {[%clk 00:52:45]} {[%emt 00:01:00]} Ra8 {[%clk 01:19:06]} {[%emt 00:00:11]}
54. Kf3 {[%clk 00:53:05]} {[%emt 00:00:10]} Kf7 {[%clk 01:19:04]} {[%emt
00:00:32]} 55. Bf2 {[%clk 00:53:09]} {[%emt 00:00:26]} Ke7 {[%clk 01:19:25]}
{[%emt 00:00:10]} 56. Ke2 {[%clk 00:53:20]} {[%emt 00:00:19]} Kd7 {[%clk
01:19:41]} {[%emt 00:00:13]} 57. Kd3 {[%clk 00:53:44]} {[%emt 00:00:07]} Kc7
{[%clk 01:19:57]} {[%emt 00:00:13]} 58. Kc4 {[%clk 00:53:09]} {[%emt 00:01:06]}
Kb7 {[%clk 01:20:14]} {[%emt 00:00:13]} 59. Kb5 {[%clk 00:52:21]} {[%emt
00:01:18]} Bxg3 {[%clk 01:19:25]} {[%emt 00:01:18]} 60. Bxg3 {[%clk 00:52:40]}
{[%emt 00:00:11]} Rxa7 {[%clk 01:19:50]} {[%emt 00:00:06]} 61. Rb6+ {[%clk
00:48:09]} {[%emt 00:05:01]} Kc8 {[%clk 01:20:09]} {[%emt 00:00:11]} 1/2-1/2

[Event "DVM U12 2024"]
[Site "Heidelberg GER"]
[Date "2024.12.27"]
[Round "2"]
[White "Liu, Kairui"]
[Black "Mi Plaza, Luis Leo Manuel"]
[Result "1/2-1/2"]
[Termination "normal"]
[Board "8.2"]
[WhiteElo "1559"]
[BlackElo "1702"]
[WhiteClock "01:17:43"]
[BlackClock "00:47:12"]
[WhiteTeam "Karlsruher SF 1853"]
[BlackTeam "SK Bebenhausen 1992"]
[PlyCount "50"]
[WhiteFideId "34660534"]
[BlackFideId "34647783"]
[EventCountry "GER"]
[EventRounds "7"]
[EventType "team-swiss"]
[EventDate "2024.12.26"]

1. e4 {[%clk 01:30:58]} c5 {[%clk 01:30:44]} {[%emt 00:00:17]} 2. Nf3 {[%clk
01:31:21]} {[%emt 00:00:06]} d6 {[%clk 01:31:02]} {[%emt 00:00:13]} 3. d4
{[%clk 01:31:44]} {[%emt 00:00:07]} cxd4 {[%clk 01:31:22]} {[%emt 00:00:10]} 4.
Nxd4 {[%clk 01:32:06]} {[%emt 00:00:08]} Nf6 {[%clk 01:31:39]} {[%emt
00:00:13]} 5. Nc3 {[%clk 01:32:21]} {[%emt 00:00:15]} g6 {[%clk 01:31:28]}
{[%emt 00:00:41]} 6. Be3 {[%clk 01:31:33]} {[%emt 00:01:19]} Bg7 {[%clk
01:31:05]} {[%emt 00:00:51]} 7. Bc4 {[%clk 01:31:38]} {[%emt 00:00:26]} O-O
{[%clk 01:29:55]} {[%emt 00:01:40]} 8. Qd2 {[%clk 01:31:15]} {[%emt 00:00:53]}
Ng4 {[%clk 01:29:30]} {[%emt 00:00:53]} 9. O-O-O {[%clk 01:30:58]} {[%emt
00:00:47]} Nxe3 {[%clk 01:27:49]} {[%emt 00:02:12]} 10. Qxe3 {[%clk 01:30:51]}
{[%emt 00:00:36]} Nc6 {[%clk 01:27:32]} {[%emt 00:00:48]} 11. Nb3 {[%clk
01:30:11]} {[%emt 00:01:10]} Bd7 {[%emt 00:03:35]} 12. Kb1 {[%clk 01:28:31]}
{[%emt 00:01:52]} Ne5 {[%clk 01:22:11]} {[%emt 00:03:05]} 13. Be2 {[%clk
01:27:33]} {[%emt 00:01:23]} a5 {[%clk 01:19:55]} {[%emt 00:02:51]} 14. Nd2
{[%clk 01:26:37]} {[%emt 00:01:24]} Bc6 {[%emt 00:11:21]} 15. h4 {[%clk
01:25:07]} {[%emt 00:01:23]} h5 {[%clk 01:07:10]} {[%emt 00:03:02]} 16. f4
{[%clk 01:23:26]} {[%emt 00:02:11]} Nd7 {[%clk 01:04:12]} {[%emt 00:03:28]} 17.
g4 {[%clk 01:22:30]} {[%emt 00:01:25]} Bh6 {[%clk 00:59:53]} {[%emt 00:04:50]}
18. gxh5 {[%clk 01:21:39]} {[%emt 00:01:22]} e5 {[%clk 00:59:32]} {[%emt
00:00:51]} 19. Qg1 {[%clk 01:20:42]} {[%emt 00:01:25]} Bxf4 {[%clk 00:59:18]}
{[%emt 00:00:45]} 20. hxg6 {[%clk 01:20:38]} {[%emt 00:00:33]} Nf6 {[%clk
00:52:39]} {[%emt 00:07:09]} 21. h5 {[%clk 01:18:23]} {[%emt 00:02:45]} Bxd2
{[%clk 00:50:22]} {[%emt 00:02:48]} 22. Rxd2 {[%clk 01:18:09]} {[%emt
00:00:44]} Nxe4 {[%clk 00:50:08]} {[%emt 00:00:44]} 23. Nxe4 {[%clk 01:17:44]}
{[%emt 00:00:55]} Bxe4 {[%clk 00:50:26]} {[%emt 00:00:12]} 24. Rh2 {[%clk
01:17:49]} {[%emt 00:00:24]} fxg6 {[%clk 00:49:37]} {[%emt 00:01:20]} 25. hxg6
{[%clk 01:17:43]} {[%emt 00:00:35]} Qf6 {[%clk 00:47:12]} {[%emt 00:02:56]}
1/2-1/2